Динамика состояния полевого луня в Нижегородской области, Россия; Экология и безопасность в техносфере: современные проблемы и пути решения

Detalhes bibliográficos
Parent link:Экология и безопасность в техносфере: современные проблемы и пути решения.— 2017.— [С. 419-421]
Autor principal: Шуков П. М.
Resumo:Заглавие с экрана
В статье анализируется динамика встречаемости полевого луня (Circus cyaneus) на территории Нижегородской области. На основании анализа опубликованных данных и собственных полевых исследований на протяжении шести лет автор делает вывод о значительном падении численности вида как в Нижегородской области, так и в сопредельных регионах. Обсуждаются возможные причины этого процесса. Обосновывается необходимость подробного мониторинга численности вида, выявления всех причин ее падения и принятия необходимых мер охраны.
The dynamics of occurrence of the hen harrier (Circus cyaneus) in the territory of the Nizhny Novgorod region is analyzed in the article. Based on the analysis of published data and own field research for six years, the author concludes that the abundance of the species is significantly reduced in both the Nizhny Novgorod region and in adjacent regions. Possible reasons for this process are discussed. The necessity of detailed monitoring of the species abundance, identification of all causes of its fall and adoption of the necessary protection measures is substantiated.
Idioma:russo
Publicado em: 2017
coleção:Экологические основы прогрессивных технологий
Assuntos:
Acesso em linha:http://earchive.tpu.ru/handle/11683/46652
Formato: Recurso Eletrônico Capítulo de Livro
KOHA link:https://koha.lib.tpu.ru/cgi-bin/koha/opac-detail.pl?biblionumber=626451

MARC

LEADER 00000naa2a2200000 4500
001 626451
005 20231101133419.0
035 |a (RuTPU)RU\TPU\conf\25829 
035 |a RU\TPU\conf\25828 
090 |a 626451 
100 |a 20180301d2017 k y0rusy50 ca 
101 0 |a rus  |d eng 
102 |a RU 
105 |a y z 101zy 
135 |a drcn ---uucaa 
181 0 |a i  
182 0 |a b 
200 1 |a Динамика состояния полевого луня в Нижегородской области, Россия  |f П. М. Шуков 
203 |a Текст  |c электронный 
225 1 |a Экологические основы прогрессивных технологий 
230 |a 1 компьютерный файл (pdf; 131 Kb) 
300 |a Заглавие с экрана 
320 |a [Библиогр.: с. 421 (7 назв.)] 
330 |a В статье анализируется динамика встречаемости полевого луня (Circus cyaneus) на территории Нижегородской области. На основании анализа опубликованных данных и собственных полевых исследований на протяжении шести лет автор делает вывод о значительном падении численности вида как в Нижегородской области, так и в сопредельных регионах. Обсуждаются возможные причины этого процесса. Обосновывается необходимость подробного мониторинга численности вида, выявления всех причин ее падения и принятия необходимых мер охраны. 
330 |a The dynamics of occurrence of the hen harrier (Circus cyaneus) in the territory of the Nizhny Novgorod region is analyzed in the article. Based on the analysis of published data and own field research for six years, the author concludes that the abundance of the species is significantly reduced in both the Nizhny Novgorod region and in adjacent regions. Possible reasons for this process are discussed. The necessity of detailed monitoring of the species abundance, identification of all causes of its fall and adoption of the necessary protection measures is substantiated. 
463 0 |0 (RuTPU)RU\TPU\conf\25447  |t Экология и безопасность в техносфере: современные проблемы и пути решения  |o сборник трудов Всероссийской научно-практической конференции молодых ученых, аспирантов и студентов, г. Юрга, 23-25 ноября 2017 г.  |f Национальный исследовательский Томский политехнический университет (ТПУ), Юргинский технологический институт (ЮТИ) ; под ред. Д. А. Чинахова [и др.]  |v [С. 419-421]  |d 2017 
610 1 |a электронный ресурс 
610 1 |a полевой лунь 
610 1 |a растения 
610 1 |a химизация 
610 1 |a сельское хозяйство 
610 1 |a антропогенные воздействия 
610 1 |a мониторинг 
610 1 |a численность 
700 1 |a Шуков  |b П. М. 
801 2 |a RU  |b 63413507  |c 20180312  |g RCR 
856 4 |u http://earchive.tpu.ru/handle/11683/46652 
942 |c BK